Historia de España Alfaguara / dirigida por Miguel Artola
Descripción Física:
v. ; 20 cm
Colección:
Alianza Universidad ; 46, 49 i 51
Materias:
Espanya -- Història -- S. XIX/XX
MARC
| LEADER | 00000nam a2200000Ia 4500 | ||
|---|---|---|---|
| 001 | 2251, 2252, 2253 | ||
| 008 | 160829s1983 xx 000 0 cat d | ||
| 080 | |a H-1-187, H-1-188, H-1-189 | ||
| 245 | |a Historia de España Alfaguara / dirigida por Miguel Artola | ||
| 260 | |a Madrid : |b Alianza Editorial : |b Alfaguara, |c 1983 | ||
| 300 | |a v. ; |c 20 cm | ||
| 490 | |a Alianza Universidad ; 46, 49 i 51 | ||
| 590 | |a Conté: v. 5: La Burguesía revolucionaria (1808-1874) / Miguel Artola; v. 6: La Burguesía conservadora (1874-1931) / Miguel Martínez Cuadrado; v. 7: La República. La Era de Franco / Ramón Tamames | ||
| 650 | |a Espanya |x Història |x S. XIX/XX |9 26347 | ||
| 700 | 1 | |a Artola, Miguel |9 26348 | |
| 700 | |a Martínez Cuadrado, Miguel |9 26349 | ||
| 700 | 1 | |a Tamames, Ramón, |d 1933- |9 25476 | |
| 901 | |a Arxiu | ||
| 942 | |n 1 | ||
| 952 | |0 0 |1 0 |4 0 |6 H1187_H1188_H1189 |7 1 |9 43963 |a Arxiu |b Arxiu |d 2016-12-01 |l 0 |o H-1-187, H-1-188, H-1-189 |p 2251, 2252, 2253 |r 2016-12-01 00:00:00 |w 2016-12-01 |y ARXIU | ||
| 999 | |c 46543 |d 46543 | ||